[Event "Roquetas de Mar op 34th"]
[Site "Roquetas de Mar"]
[Date "2023.01.07"]
[Round "7"]
[White "Gatineau, Yovann"]
[Black "Llena Velarde, David"]
[Result "1-0"]
[WhiteElo "2354"]
[BlackElo "2038"]
[PlyCount "125"]
[EventDate "2023.01.03"]
[EventType "swiss"]
[EventRounds "9"]
[EventCountry "ESP"]
[SourceTitle "CBM 212 Extra"]
[Source "ChessBase"]
[SourceDate "2023.03.31"]
[SourceVersion "1"]
[SourceVersionDate "2023.03.31"]
[SourceQuality "1"]

1. d4 e6 2. e4 d5 3. Nc3 Nf6 4. Bg5 Be7 5. e5 Nfd7 6. h4 h6 7. Bxe7 Qxe7 8. Qg4 0-0 9. Nf3 c5 10. dxc5 Nc6 11. Qf4 f6 12. exf6 Rxf6 13. Qd2 Nxc5 14. 0-0-0 Bd7 15. Bd3 Nxd3+ 16. Qxd3 Be8 17. h5 Rc8 18. Qe3 Qc7 19. Rh4 a6 20. Rd2 Ne7 21. Rh3 Nf5 22. Qe5 Qxe5 23. Nxe5 Nd6 24. g4 Nc4 25. Nxc4 Rxc4 26. f3 Bc6 27. Rd3 d4 28. Ne2 e5 29. b3 Rc5 30. c3 Bb5 31. c4 Rc7 32. f4 Bd7 33. fxe5 Rf1+ 34. Kd2 Bxg4 35. Rh2 Bxe2 36. Rxe2 Rf4 37. Rg3 Kf8 38. Kd3 Rd7 39. a4 Rf5 40. e6 Re7 41. Kxd4 Rxh5 42. Re5 Rh4+ 43. Kd5 Rf4 44. Kd6 Ke8 45. Rc5 Rd4+ 46. Ke5 Rd8 47. Rd5 Rc8 48. Rgd3 Rec7 49. Rd7 Rc5+ 50. R3d5 R8c7 51. Rxc5 Rxc5+ 52. Kd4 Rc6 53. Rxb7 Rxe6 54. Rxg7 Kd8 55. b4 Kc8 56. b5 axb5 57. axb5 Rf6 58. c5 Rf8 59. b6 Rh8 60. c6 Rd8+ 61. Kc5 Rf8 62. b7+ Kb8 63. Kb6 1-0

[Event "ESP-ch U18"]
[Site "Salobrena"]
[Date "2022.08.06"]
[Round "9"]
[White "Llena Velarde, David"]
[Black "Castro Quijano, Eduardo"]
[Result "1-0"]
[WhiteElo "1986"]
[BlackElo "2065"]
[PlyCount "45"]
[EventDate "2022.08.01"]
[EventType "swiss"]
[EventRounds "9"]
[EventCountry "ESP"]
[SourceTitle "EXT 2023"]
[Source "ChessBase"]
[SourceDate "2022.10.05"]
[SourceVersion "1"]
[SourceVersionDate "2022.10.05"]
[SourceQuality "1"]

1. e4 c5 2. Nf3 Nc6 3. d4 cxd4 4. Nxd4 Qb6 5. Nb3 Nf6 6. Nc3 e6 7. Qe2 Bb4 8. Bd2 Nd4 9. Nxd4 Qxd4 10. f3 Bc5 11. 0-0-0 a6 12. Bh6 Qe5 13. f4 Qc7 14. Bxg7 Qxf4+ 15. Kb1 Rg8 16. g3 Qg5 17. Bxf6 Qxf6 18. e5 Qg5 19. Bg2 Rb8 20. Rhf1 b5 21. Ne4 Qe3 22. Qh5 Rg7 23. Rd3 1-0

[Event "Casabermeja op"]
[Site "Casabermeja"]
[Date "2021.09.12"]
[Round "6"]
[White "Perea Fruet, Lorenzo"]
[Black "Llena Velarde, David"]
[Result "1-0"]
[WhiteElo "2212"]
[BlackElo "1989"]
[PlyCount "83"]
[EventDate "2021.09.09"]
[EventType "swiss"]
[EventRounds "7"]
[EventCountry "ESP"]
[SourceTitle "CBM 204 Extra"]
[Source "ChessBase"]
[SourceDate "2021.11.30"]
[SourceVersion "1"]
[SourceVersionDate "2021.11.30"]
[SourceQuality "1"]

1. e4 e5 2. Nc3 Nf6 3. f4 d5 4. fxe5 Nxe4 5. Qf3 Nxc3 6. dxc3 Be6 7. Bf4 Nd7 8. 0-0-0 h5 9. h3 g5 10. Bg3 c6 11. Re1 g4 12. Qf2 Bc5 13. Qd2 Qb6 14. Bd3 h4 15. hxg4 0-0-0 16. Bf4 Bxg4 17. Nf3 h3 18. Nh2 hxg2 19. Qxg2 Bh3 20. Qd2 Be6 21. Nf3 a5 22. a3 a4 23. Ng5 Rxh1 24. Rxh1 Nxe5 25. Nxe6 fxe6 26. Qe2 Nxd3+ 27. cxd3 Kd7 28. Rh7+ Be7 29. Qe5 c5 30. Rxe7+ Kxe7 31. Qg7+ Ke8 32. Bg5 Qd6 33. Qg8+ Kd7 34. Qxd8+ Kc6 35. Qxd6+ Kxd6 36. Kd2 b5 37. d4 e5 38. dxe5+ Kxe5 39. Be7 c4 40. Ke3 Ke6 41. Bb4 Ke5 42. Bc5 1-0

[Event "Casabermeja op"]
[Site "Casabermeja"]
[Date "2021.09.10"]
[Round "3"]
[White "Llena Velarde, David"]
[Black "Munoz Jorva, Miguel Angel"]
[Result "1-0"]
[WhiteElo "1989"]
[BlackElo "1738"]
[PlyCount "79"]
[EventDate "2021.09.09"]
[EventType "swiss"]
[EventRounds "7"]
[EventCountry "ESP"]
[SourceTitle "CBM 204 Extra"]
[Source "ChessBase"]
[SourceDate "2021.11.30"]
[SourceVersion "1"]
[SourceVersionDate "2021.11.30"]
[SourceQuality "1"]

1. e4 d5 2. exd5 Qxd5 3. Nc3 Qd8 4. d4 Nf6 5. Bc4 c6 6. Nf3 Bf5 7. 0-0 e6 8. Ne5 h6 9. Bf4 Be7 10. Ne2 Nbd7 11. Ng3 Bh7 12. Qe2 0-0 13. Nxd7 Qxd7 14. Rad1 a5 15. a4 Rfd8 16. Bb3 b5 17. Rfe1 b4 18. Be5 Nd5 19. Nh5 Nf6 20. Bxf6 Bxf6 21. Nxf6+ gxf6 22. Qg4+ Kf8 23. Qh4 Kg7 24. Re3 Bg6 25. Rf3 f5 26. Rh3 Rh8 27. f4 Qd8 28. Qe1 Qd6 29. Qe5+ Qxe5 30. dxe5 Rhd8 31. Rhd3 Rxd3 32. Rxd3 Bh5 33. Kf2 Kf8 34. Rh3 Bg6 35. Rxh6 Ke7 36. h4 Rd8 37. h5 Rd2+ 38. Kf3 c5 39. hxg6 fxg6 40. Rh7+ 1-0

[Event "Merida World Heritage op 1st"]
[Site "Merida"]
[Date "2021.08.06"]
[Round "4"]
[White "Llena Velarde, David"]
[Black "Lopez Mulet, Inigo"]
[Result "0-1"]
[WhiteElo "1941"]
[BlackElo "2385"]
[PlyCount "72"]
[EventDate "2021.08.04"]
[EventType "swiss"]
[EventRounds "9"]
[EventCountry "ESP"]
[SourceTitle "EXT 2023"]
[Source "ChessBase"]
[SourceDate "2022.10.05"]
[SourceVersion "1"]
[SourceVersionDate "2022.10.05"]
[SourceQuality "1"]

1. e4 e6 2. d4 d5 3. Nc3 Nf6 4. e5 Nfd7 5. f4 c5 6. Nf3 Nc6 7. Be3 Be7 8. Qd2 0-0 9. Be2 b6 10. 0-0 f5 11. Kh1 Bb7 12. Nd1 cxd4 13. Nxd4 Nxd4 14. Bxd4 Nc5 15. Nf2 g5 16. g3 gxf4 17. gxf4 Kh8 18. Bf3 Ne4 19. Qe3 Bh4 20. Nd3 Bc6 21. c3 Rg8 22. Rg1 Qe7 23. Bxe4 dxe4 24. Nb4 Bb7 25. Rg2 Rxg2 26. Kxg2 Rg8+ 27. Kh3 Rg4 28. Rg1 Qg7 29. Qe2 Qh6 30. Rxg4 Bf2+ 31. Kg2 e3+ 32. Qf3 Bxf3+ 33. Kxf3 fxg4+ 34. Kxg4 a5 35. Nc6 Qg6+ 36. Kf3 Qd3 0-1

[Event "Merida World Heritage op 1st"]
[Site "Merida"]
[Date "2021.08.05"]
[Round "2"]
[White "Llena Velarde, David"]
[Black "Perez Perez, Gabriel"]
[Result "1-0"]
[WhiteElo "1941"]
[BlackElo "2209"]
[PlyCount "65"]
[EventDate "2021.08.04"]
[EventType "swiss"]
[EventRounds "9"]
[EventCountry "ESP"]
[SourceTitle "EXT 2023"]
[Source "ChessBase"]
[SourceDate "2022.10.05"]
[SourceVersion "1"]
[SourceVersionDate "2022.10.05"]
[SourceQuality "1"]

1. e4 d5 2. exd5 Nf6 3. Nf3 Bg4 4. d4 Qxd5 5. Be2 Nc6 6. h3 Bxf3 7. Bxf3 Qe6+ 8. Be3 Nd5 9. Qe2 Nxe3 10. fxe3 Qd6 11. Nd2 e6 12. 0-0 f6 13. Bh5+ g6 14. Ne4 Qd8 15. Nxf6+ Ke7 16. Bf3 Kxf6 17. Bxc6+ Kg7 18. Bxb7 Rb8 19. Qf3 Bd6 20. c4 c5 21. dxc5 Bxc5 22. Rad1 Qg5 23. Rd7+ Kh6 24. Qf7 Qxe3+ 25. Kh1 Rbf8 26. Qg7+ Kg5 27. Bf3 Rfg8 28. h4+ Kxh4 29. Qf6+ Kg3 30. Rd3 Rf8 31. Qc3 Qh6+ 32. Bh5+ Kh4 33. Rh3+ 1-0

[Event "Merida World Heritage op 1st"]
[Site "Merida"]
[Date "2021.08.05"]
[Round "3"]
[White "Silva, Pedro Gil Ferreira"]
[Black "Llena Velarde, David"]
[Result "1-0"]
[WhiteElo "2117"]
[BlackElo "1941"]
[PlyCount "85"]
[EventDate "2021.08.04"]
[EventType "swiss"]
[EventRounds "9"]
[EventCountry "ESP"]
[SourceTitle "EXT 2023"]
[Source "ChessBase"]
[SourceDate "2022.10.05"]
[SourceVersion "1"]
[SourceVersionDate "2022.10.05"]
[SourceQuality "1"]

1. e4 c5 2. Nf3 d6 3. c3 Nf6 4. h3 Nc6 5. Bd3 e5 6. Bc2 d5 7. exd5 Qxd5 8. d3 Be7 9. 0-0 0-0 10. Nbd2 h6 11. Re1 Rd8 12. Qe2 Nd7 13. Nc4 b5 14. Ne3 Qd6 15. a4 b4 16. Nf5 Qe6 17. Qe4 Bb7 18. Qg4 g5 19. h4 Qg6 20. hxg5 Bxg5 21. Nxh6+ Bxh6 22. Qxg6+ fxg6 23. Bxh6 Kh7 24. Be3 Re8 25. Ng5+ Kg7 26. Ne4 Nd4 27. cxd4 cxd4 28. Bd2 Bxe4 29. dxe4 a5 30. Bb3 Nc5 31. Bc4 Rac8 32. b3 Rf8 33. Bg5 Rc7 34. Rac1 Rfc8 35. Kf1 Nxa4 36. bxa4 Rxc4 37. Rxc4 Rxc4 38. Rc1 Rc3 39. Rxc3 dxc3 40. Ke2 b3 41. Kd3 b2 42. Kc2 Kf7 43. Bd8 1-0

[Event "ESP-ch U16"]
[Site "Salobrena"]
[Date "2021.07.21"]
[Round "4"]
[White "Diaz Reyes, Franklin"]
[Black "Llena Velarde, David"]
[Result "0-1"]
[WhiteElo "1793"]
[BlackElo "1973"]
[PlyCount "128"]
[EventDate "2021.07.19"]
[EventType "swiss"]
[EventRounds "9"]
[EventCountry "ESP"]
[SourceTitle "EXT 2022"]
[Source "ChessBase"]
[SourceDate "2021.10.06"]
[SourceVersion "1"]
[SourceVersionDate "2021.10.06"]
[SourceQuality "1"]

1. e4 c5 2. Nf3 d6 3. d4 cxd4 4. Nxd4 Nf6 5. Nc3 a6 6. Bc4 e6 7. Bb3 Nbd7 8. 0-0 Nc5 9. Re1 Nxb3 10. cxb3 Be7 11. f4 0-0 12. Qf3 e5 13. Nc2 Qc7 14. Ne3 Qa5 15. Nc4 Qd8 16. Be3 b5 17. Nb6 Rb8 18. Ncd5 Be6 19. Red1 exf4 20. Qxf4 Bxd5 21. Nxd5 Nxd5 22. Rxd5 Bf6 23. Rxd6 Qe7 24. Bd4 Bxd4+ 25. Rxd4 Rb6 26. Rc1 h6 27. Rc7 Qf6 28. Qxf6 Rxf6 29. h3 Re8 30. Rcd7 Ree6 31. a4 Rb6 32. e5 Rfe6 33. Rd8+ Kh7 34. R8d6 bxa4 35. bxa4 Rxb2 36. Rxe6 fxe6 37. Rd6 a5 38. Ra6 Re2 39. Rxa5 Kg6 40. Rb5 Ra2 41. a5 Kf5 42. Kh2 Kf4 43. Rc5 g5 44. Rb5 h5 45. Rc5 h4 46. Rb5 Kf5 47. Kg1 Ke4 48. Kf1 Ke3 49. Rb3+ Kd4 50. Rb5 Ke3 51. Rb3+ Kf4 52. Rb5 Kg3 53. Rb3+ Kh2 54. Rb5 Rxg2 55. Rb6 Ra2 56. a6 Kxh3 57. Rxe6 g4 58. Rg6 g3 59. e6 g2+ 60. Kg1 Ra1+ 61. Kf2 Rxa6 62. Kg1 Ra1+ 63. Kf2 Rf1+ 64. Ke2 g1Q 0-1

[Event "ESP-ch U16"]
[Site "Salobrena"]
[Date "2021.07.20"]
[Round "3"]
[White "Llena Velarde, David"]
[Black "Montesinos Diaz, Luis"]
[Result "0-1"]
[WhiteElo "1973"]
[BlackElo "1816"]
[PlyCount "148"]
[EventDate "2021.07.19"]
[EventType "swiss"]
[EventRounds "9"]
[EventCountry "ESP"]
[SourceTitle "EXT 2022"]
[Source "ChessBase"]
[SourceDate "2021.10.06"]
[SourceVersion "1"]
[SourceVersionDate "2021.10.06"]
[SourceQuality "1"]

1. e4 c6 2. d4 d5 3. exd5 cxd5 4. Bd3 Nc6 5. c3 Qc7 6. Ne2 e6 7. Bf4 Bd6 8. Bxd6 Qxd6 9. 0-0 Nf6 10. f4 0-0 11. Nd2 Bd7 12. Nf3 Na5 13. Ne5 b5 14. a3 Nc4 15. Qc1 Rac8 16. Rf3 a5 17. Rh3 Ne4 18. a4 f6 19. Nxd7 Qxd7 20. b3 Ncd6 21. axb5 Nxb5 22. Bxe4 dxe4 23. Qe3 f5 24. c4 Nd6 25. Rxa5 Ra8 26. Qc3 Qc7 27. Re5 Ra6 28. Re3 Rb8 29. d5 exd5 30. Rxd5 Qa7 31. Qd4 Qxd4 32. Nxd4 g6 33. Kf2 Ne8 34. h3 Nf6 35. Rb5 Rd8 36. Ne2 Ra2 37. Rb6 Nh5 38. g3 Rd3 39. c5 Kf7 40. c6 Ke6 41. Rb7 Nf6 42. c7 Kd7 43. Rb4 Kxc7 44. Rc4+ Kb6 45. Rc3 Rdd2 46. Rc8 Nd5 47. Rd8 Nxe3 48. Rxd2 Rxd2 49. Kxe3 Rd3+ 50. Kf2 Rxb3 51. Nd4 Rd3 52. Ne6 Rd7 53. g4 Kc6 54. gxf5 gxf5 55. h4 Kd5 56. Ng5 h6 57. Nh3 Ra7 58. Ng1 Ra2+ 59. Kg3 Kd4 60. h5 Ra3+ 61. Kh4 Rf3 62. Ne2+ Ke3 63. Nc3 Rxf4+ 64. Kg3 Rf3+ 65. Kg2 f4 66. Nd5+ Ke2 67. Ne7 Rg3+ 68. Kh2 Rg5 69. Nc8 f3 70. Nd6 f2 71. Nxe4 f1Q 72. Ng3+ Rxg3 73. Kxg3 Qf5 74. Kh4 Qg5+ 0-1

[Event "ESP-ch U16"]
[Site "Salobrena"]
[Date "2020.08.14"]
[Round "8"]
[White "Llena Velarde, David"]
[Black "Perea Fruet, Lorenzo"]
[Result "1-0"]
[WhiteElo "1981"]
[BlackElo "1808"]
[PlyCount "95"]
[EventDate "2020.08.10"]
[EventType "swiss"]
[EventRounds "9"]
[EventCountry "ESP"]
[SourceTitle "EXT 2021"]
[Source "ChessBase"]
[SourceDate "2020.10.23"]
[SourceVersion "1"]
[SourceVersionDate "2020.10.23"]
[SourceQuality "1"]

1. e4 c5 2. Nf3 e6 3. d4 cxd4 4. Nxd4 Nc6 5. Nc3 Qc7 6. Nxc6 bxc6 7. Bd3 Nf6 8. 0-0 e5 9. f4 Bc5+ 10. Kh1 d6 11. f5 a5 12. Qe2 h5 13. Bd2 a4 14. b3 Bd4 15. Rac1 a3 16. Na4 Qb8 17. c3 Ba7 18. Rcd1 Nd7 19. Bc1 Nb6 20. Bxa3 Nxa4 21. bxa4 Bb6 22. Bc4 Bc7 23. Bb3 Ba6 24. c4 c5 25. Rb1 Bb7 26. Rfd1 Bc6 27. Bb2 Qc8 28. Bc3 Ra6 29. a5 Qa8 30. Bc2 Ke7 31. Qe3 Rh6 32. Rb5 Bxb5 33. cxb5 Rxa5 34. Bxa5 Qxa5 35. a4 Bb6 36. Qd3 Rh8 37. Qxd6+ Ke8 38. Qxe5+ Kf8 39. Qb8+ Ke7 40. Qxh8 Qc3 41. Bb1 Qb3 42. Rf1 Qc4 43. f6+ Kd7 44. Rd1+ Ke6 45. fxg7 Qe2 46. Rg1 c4 47. Qh6+ Kd7 48. Qxb6 1-0

[Event "ESP-ch U16"]
[Site "Salobrena"]
[Date "2020.08.11"]
[Round "3"]
[White "Llena Velarde, David"]
[Black "Yingrui, Lin"]
[Result "0-1"]
[WhiteElo "1981"]
[BlackElo "2116"]
[PlyCount "146"]
[EventDate "2020.08.10"]
[EventType "swiss"]
[EventRounds "9"]
[EventCountry "ESP"]
[SourceTitle "EXT 2021"]
[Source "ChessBase"]
[SourceDate "2020.10.23"]
[SourceVersion "1"]
[SourceVersionDate "2020.10.23"]
[SourceQuality "1"]

1. e4 e5 2. Nf3 Nc6 3. Bc4 Be7 4. d4 exd4 5. Nxd4 Bf6 6. c3 Nge7 7. 0-0 0-0 8. Be3 a6 9. Bb3 d6 10. Nd2 b5 11. f4 Bb7 12. Bc2 Ng6 13. Nf5 b4 14. Rb1 Bc8 15. Ba4 Nce7 16. Nxe7+ Qxe7 17. cxb4 Bb7 18. Qc2 a5 19. b5 Rfd8 20. Rfc1 Rac8 21. Qd3 Nf8 22. Bc2 g6 23. Nb3 Re8 24. Nxa5 Bxe4 25. Qxe4 Qxe4 26. Bxe4 Rxe4 27. Kf2 Rce8 28. Re1 Ra4 29. Nb3 Rxa2 30. Rec1 Ne6 31. g4 Rb8 32. f5 gxf5 33. gxf5 Ng7 34. b6 c5 35. Nxc5 dxc5 36. Rxc5 Ne8 37. Rc6 Ra5 38. Rg1+ Kf8 39. b4 Rxf5+ 40. Ke2 Re5 41. Kf3 Re6 42. b5 Bd8 43. Bc5+ Be7 44. Be3 Nf6 45. Bf4 Rxb6 46. Rc8+ Ne8 47. Rb1 Rf6 48. Kg3 Bd6 49. Bxd6+ Rfxd6 50. Re1 Re6 51. Rb1 Ke7 52. Rc5 Nd6 53. Kf3 Ne4 54. Rc2 Nf6 55. Rc7+ Ke8 56. Rc5 Nd7 57. Rc8+ Ke7 58. Rc7 Kd6 59. Rc3 Re5 60. Rd1+ Rd5 61. Rxd5+ Kxd5 62. Rd3+ Ke6 63. Rb3 Ne5+ 64. Kf4 Nc4 65. Rc3 Nd6 66. Rc6 Rxc6 67. bxc6 f5 68. h3 Kf6 69. h4 h5 70. c7 Nc8 71. Kf3 Ke5 72. Ke3 f4+ 73. Kf3 Kf5 0-1

[Event "Gibraltar U16 op"]
[Site "Caleta"]
[Date "2019.08.18"]
[Round "4"]
[White "Cesar Maestre, Bernardo"]
[Black "Llena Velarde, David"]
[Result "1-0"]
[WhiteElo "2084"]
[BlackElo "1920"]
[PlyCount "117"]
[EventDate "2019.08.16"]
[EventType "swiss"]
[EventRounds "6"]
[EventCountry "GGB"]
[SourceTitle "CBM 195 Extra"]
[Source "ChessBase"]
[SourceDate "2020.05.31"]
[SourceVersion "1"]
[SourceVersionDate "2020.05.31"]
[SourceQuality "1"]

1. d4 Nf6 2. Nf3 e6 3. g3 c5 4. c4 cxd4 5. Nxd4 Nc6 6. Bg2 Qb6 7. Nxc6 bxc6 8. 0-0 d5 9. Nc3 Be7 10. cxd5 cxd5 11. e4 0-0 12. exd5 Rd8 13. Qc2 exd5 14. Be3 Qc7 15. Rac1 Qd7 16. Rfd1 Bb7 17. Qb3 Bc6 18. Bd4 Rab8 19. Qc2 Qb7 20. Rd2 Rbc8 21. Bh3 Bd7 22. Bxd7 Rxd7 23. Qd3 Rcd8 24. Rdc2 Ne4 25. Nb5 a6 26. Na7 Bc5 27. Bxc5 Nxc5 28. Rxc5 Qxa7 29. Rxd5 Qb7 30. Rxd7 Rxd7 31. Qe4 g6 32. Qxb7 Rxb7 33. b3 Rb6 34. Kg2 Kg7 35. Rc4 Kf6 36. Kf3 Ke5 37. Ke3 Kd5 38. f4 Re6+ 39. Kf3 f5 40. Rc7 h5 41. Rc4 Re1 42. h3 Re6 43. g4 Rf6 44. Kg3 Re6 45. gxf5 gxf5 46. Kh4 Re3 47. Kxh5 Rg3 48. Ra4 Ke6 49. Rxa6+ Kf7 50. b4 Ke7 51. b5 Rg8 52. a4 Kd7 53. a5 Kc7 54. Rf6 Rh8+ 55. Kg5 Rxh3 56. a6 Kb8 57. b6 Rh8 58. Kxf5 Ka8 59. Kg6 1-0

[Event "Gibraltar U16 op"]
[Site "Caleta"]
[Date "2019.08.18"]
[Round "5"]
[White "Llena Velarde, David"]
[Black "Howell, Oliver W"]
[Result "1-0"]
[WhiteElo "1920"]
[BlackElo "1847"]
[PlyCount "65"]
[EventDate "2019.08.16"]
[EventType "swiss"]
[EventRounds "6"]
[EventCountry "GGB"]
[SourceTitle "CBM 195 Extra"]
[Source "ChessBase"]
[SourceDate "2020.05.31"]
[SourceVersion "1"]
[SourceVersionDate "2020.05.31"]
[SourceQuality "1"]

1. e4 e6 2. d4 d5 3. e5 c5 4. c3 Nc6 5. Nf3 Bd7 6. a3 f6 7. Bd3 Qc7 8. Bf4 0-0-0 9. Bg3 Qb6 10. Qc2 c4 11. Be2 fxe5 12. Nxe5 Nxe5 13. Bxe5 Nf6 14. Nd2 Bd6 15. f4 Be8 16. b4 Bg6 17. Qc1 Rhf8 18. 0-0 Bxe5 19. fxe5 Ne4 20. Nxe4 Bxe4 21. Qe3 Qc7 22. Rf4 g5 23. Rf2 Qg7 24. Raf1 Rxf2 25. Rxf2 h6 26. Bxc4 Bxg2 27. Kxg2 dxc4 28. Qf3 Rd7 29. a4 Kc7 30. Qe2 Kb8 31. Qxc4 Rc7 32. Qxe6 Rxc3 33. Qd6+ 1-0

[Event "Gibraltar U16 op"]
[Site "Caleta"]
[Date "2019.08.17"]
[Round "3"]
[White "Llena Velarde, David"]
[Black "Cuellar Montes, Alejandro"]
[Result "1-0"]
[WhiteElo "1920"]
[BlackElo "2143"]
[PlyCount "119"]
[EventDate "2019.08.16"]
[EventType "swiss"]
[EventRounds "6"]
[EventCountry "GGB"]
[SourceTitle "CBM 195 Extra"]
[Source "ChessBase"]
[SourceDate "2020.05.31"]
[SourceVersion "1"]
[SourceVersionDate "2020.05.31"]
[SourceQuality "1"]

1. e4 d6 2. d4 Nf6 3. Nc3 Nbd7 4. Nf3 e5 5. Bc4 Be7 6. 0-0 0-0 7. h3 c6 8. a4 a5 9. Be3 exd4 10. Qxd4 Nc5 11. e5 dxe5 12. Qxd8 Rxd8 13. Nxe5 Be6 14. Bxe6 fxe6 15. Rfd1 Nd5 16. Bxc5 Bxc5 17. Ne4 Be7 18. c3 Nf4 19. Nc4 Nd3 20. Rd2 Nc5 21. Nxc5 Bxc5 22. Re1 Rxd2 23. Nxd2 Rf8 24. Ne4 Be7 25. Rd1 Rb8 26. Kf1 Kf8 27. Ke2 b5 28. axb5 cxb5 29. Rd7 b4 30. Ra7 bxc3 31. bxc3 Rb2+ 32. Kd3 Ra2 33. c4 Ke8 34. c5 Kd8 35. c6 a4 36. c7+ Kc8 37. Nc3 Ra3 38. Kc4 Rb3 39. Rxa4 Ra3 40. Rxa3 Bxa3 41. Nb5 Be7 42. Kd4 Kd7 43. f4 Bh4 44. g4 Bg3 45. Ke4 g6 46. Nd4 h5 47. Nxe6 hxg4 48. hxg4 Be1 49. Kd5 Bd2 50. g5 Bc1 51. Kc5 Be3+ 52. Kb5 Kc8 53. Ka6 Bd2 54. Kb5 Be3 55. Kc4 Bc1 56. Kd5 Ba3 57. f5 gxf5 58. g6 Bb2 59. Nd4 Bxd4 60. Kxd4 1-0

[Event "Andalucia-chB"]
[Site "Algeciras"]
[Date "2018.05.20"]
[Round "6"]
[White "Cabillas Martinez, Juan Luis"]
[Black "Llena Velarde, David"]
[Result "0-1"]
[WhiteElo "1625"]
[BlackElo "1717"]
[PlyCount "110"]
[EventDate "2018.05.18"]
[EventType "swiss"]
[EventRounds "6"]
[EventCountry "ESP"]
[SourceTitle "EXT 2020"]
[Source "ChessBase"]
[SourceDate "2019.10.17"]
[SourceVersion "1"]
[SourceVersionDate "2019.10.17"]
[SourceQuality "1"]

1. d4 e6 2. Nf3 d5 3. c4 Nf6 4. Bg5 Be7 5. Nc3 h6 6. Bh4 0-0 7. e3 Nbd7 8. Rc1 c5 9. Bd3 b6 10. 0-0 Bb7 11. cxd5 Nxd5 12. Bg3 cxd4 13. Nxd4 Nc5 14. Bb1 a6 15. Qc2 g6 16. a3 Nxc3 17. Qxc3 Rc8 18. Qe1 Bf6 19. Qd1 Qe7 20. Qg4 h5 21. Qf4 e5 22. Nf5 exf4 23. Nxe7+ Bxe7 24. Bxf4 Bf6 25. b4 Ne6 26. Bg3 Rxc1 27. Rxc1 Rd8 28. a4 Bb2 29. Rf1 Bc3 30. b5 axb5 31. axb5 Ra8 32. Rc1 Ra1 33. f3 Bd2 34. Rd1 Bxe3+ 35. Kf1 Bd5 36. Ke2 Bc5 37. Be5 Bc4+ 38. Kd2 Ra8 39. Be4 Rd8+ 40. Kc1 Be3+ 41. Kc2 Bb3+ 42. Kxb3 Rxd1 43. Kc2 Rd2+ 44. Kc3 Rxg2 45. Kc4 Rd2 46. Kc3 Bd4+ 47. Bxd4 Rxd4 48. Bc6 Rh4 49. Kd3 Rxh2 50. Ke4 Rd2 51. Ke5 h4 52. f4 h3 53. Ke4 h2 54. Ke3 Rc2 55. Be4 Rb2 0-1

[Event "Andalucia-chB"]
[Site "Roquetas de Mar"]
[Date "2017.05.21"]
[Round "6"]
[White "Llena Velarde, David"]
[Black "Canadas Martin, Borja"]
[Result "1-0"]
[WhiteElo "1694"]
[BlackElo "1599"]
[PlyCount "123"]
[EventDate "2017.05.19"]
[EventType "swiss"]
[EventRounds "6"]
[EventCountry "ESP"]
[SourceTitle "EXT 2020"]
[Source "ChessBase"]
[SourceDate "2019.10.17"]
[SourceVersion "1"]
[SourceVersionDate "2019.10.17"]
[SourceQuality "1"]

1. e4 e6 2. d4 d5 3. e5 c5 4. c3 Ne7 5. Nf3 Nec6 6. a3 a5 7. Nbd2 b6 8. a4 Ba6 9. Bxa6 Nxa6 10. 0-0 Be7 11. Re1 0-0 12. Nf1 Nc7 13. Ng3 f5 14. exf6 Bxf6 15. Bf4 Re8 16. Ne5 Nxe5 17. Bxe5 Bxe5 18. Rxe5 Qh4 19. Qd3 c4 20. Qc2 Qf6 21. Rae1 g6 22. R1e3 Kh8 23. Rf3 Qg7 24. Nf1 Rf8 25. Rh3 Rf6 26. Ne3 Rf4 27. Rg5 Re4 28. Nf1 Qf6 29. Rgg3 Rg8 30. Qd2 Qf4 31. Ne3 Qf7 32. Ng4 Qf4 33. Qd1 Qf8 34. Ne5 Qe8 35. Nf3 Qe7 36. Ng5 Rf4 37. Qd2 Rf7 38. Nxf7+ Qxf7 39. Rf3 Qg7 40. Qf4 g5 41. Qf7 g4 42. Qxg7+ Rxg7 43. Rf8+ Rg8 44. Rxg8+ Kxg8 45. Rg3 Kf7 46. Rxg4 Ne8 47. h4 Nf6 48. Rf4 Ke7 49. f3 Nh5 50. Rg4 Kf7 51. Kf2 h6 52. Ke3 Ng7 53. Rf4+ Nf5+ 54. Kf2 Kg7 55. Rg4+ Kf7 56. h5 Ng7 57. Rh4 Nf5 58. Rh1 Ng7 59. Rh4 Nf5 60. Rh1 Ng7 61. g4 Kf6 62. f4 1-0

[Event "Andalucia-chB"]
[Site "Roquetas de Mar"]
[Date "2017.05.20"]
[Round "2"]
[White "Llena Velarde, David"]
[Black "Lorente Serrano, Rosa Adela"]
[Result "1/2-1/2"]
[WhiteElo "1694"]
[BlackElo "1486"]
[PlyCount "102"]
[EventDate "2017.05.19"]
[EventType "swiss"]
[EventRounds "6"]
[EventCountry "ESP"]
[SourceTitle "EXT 2020"]
[Source "ChessBase"]
[SourceDate "2019.10.17"]
[SourceVersion "1"]
[SourceVersionDate "2019.10.17"]
[SourceQuality "1"]

1. e4 e5 2. Nf3 Nc6 3. Bc4 Bc5 4. c3 Nf6 5. d3 d6 6. b4 Bb6 7. h3 h6 8. Be3 Be6 9. Nbd2 0-0 10. 0-0 Qe7 11. a4 d5 12. exd5 Bxd5 13. a5 Bxe3 14. fxe3 Rad8 15. Qc2 Bxc4 16. Nxc4 e4 17. Nd4 exd3 18. Qxd3 Ne5 19. Nxe5 Qxe5 20. Rf5 Qe7 21. Re1 Qe4 22. Qe2 Rfe8 23. Qf3 c6 24. Qg3 Kh7 25. Rf4 Qd3 26. Qf3 Rd5 27. e4 Qxf3 28. gxf3 Rg5+ 29. Kf2 Rge5 30. h4 c5 31. Nf5 g5 32. hxg5 hxg5 33. Rh1+ Kg8 34. Nh6+ Kg7 35. Rxf6 Kxf6 36. Ng4+ Ke6 37. Rh6+ Kd7 38. Nf6+ Ke7 39. Nxe8 Kxe8 40. a6 bxa6 41. Rxa6 cxb4 42. cxb4 Rb5 43. Ra5 Rxa5 44. bxa5 Kd7 45. Kg3 Ke6 46. Kg4 Kf6 47. a6 Kg6 48. e5 f6 49. f4 f5+ 50. Kg3 g4 51. Kf2 Kf7 1/2-1/2

[Event "ESP-ch U12"]
[Site "Granada"]
[Date "2016.07.08"]
[Round "7"]
[White "Llena Velarde, David"]
[Black "Ochoa Gonzalez, Hugo"]
[Result "1-0"]
[WhiteElo "1663"]
[BlackElo "1398"]
[PlyCount "113"]
[EventDate "2016.07.04"]
[EventType "swiss"]
[EventRounds "9"]
[EventCountry "ESP"]
[SourceTitle "EXT 2024"]
[Source "ChessBase"]
[SourceDate "2023.10.10"]
[SourceVersion "1"]
[SourceVersionDate "2023.10.10"]
[SourceQuality "1"]

1. e4 c5 2. Nf3 e6 3. a3 a6 4. d4 cxd4 5. Nxd4 Qc7 6. Nc3 Nc6 7. Be3 b5 8. Be2 Bb7 9. f3 Nf6 10. 0-0 Bc5 11. Nf5 Bxe3+ 12. Nxe3 0-0 13. Kh1 Qf4 14. Qd2 Qh6 15. Rfd1 Ne5 16. Nf1 Qg6 17. Qf4 Nc6 18. Ng3 e5 19. Qe3 Nd4 20. Rac1 Rac8 21. Bd3 Nh5 22. Nxh5 Qxh5 23. Ne2 Ne6 24. Ng3 Qg5 25. Qxg5 Nxg5 26. Nf5 Kh8 27. Be2 Bc6 28. Nd6 Rc7 29. c4 Ne6 30. cxb5 axb5 31. Bxb5 Bxb5 32. Nxb5 Rb7 33. a4 Ra8 34. b3 Kg8 35. Kg1 Kf8 36. Kf2 Ke7 37. Rd5 Nf4 38. Rxe5+ Kf6 39. Rf5+ Ke6 40. Rxf4 g6 41. Nc7+ Rxc7 42. Rxc7 h5 43. e5 Kxe5 44. Rxf7 d5 45. Rfe7+ Kd4 46. Re1 Rb8 47. Rd1+ Ke5 48. Rd3 Kd6 49. Rg7 Ra8 50. Rxg6+ Ke7 51. Rxd5 Ke8 52. Rg8+ Ke7 53. Rxa8 Kf7 54. Rd6 Ke7 55. Rh6 Kd7 56. Ra7+ Kc8 57. Rh8# 1-0